Identification of cleaner production improvement opportunities

שמור ב:
מידע ביבליוגרפי
מחבר ראשי:  Mulholland, Kenneth L
פורמט: Sách
שפה:Undetermined
יצא לאור:  Wiley-Interscience  2006
נושאים:
תגים: הוספת תג
אין תגיות, היה/י הראשונ/ה לתייג את הרשומה!
Thư viện lưu trữ: Trung tâm Thư viện - Trường Đại học Công nghiệp TP. Hồ Chí Minh
LEADER 00528nam a2200157Ia 4500
001 UIH_07596
008 231011s9999 xx 000 0 und d
082 |a  658.5 
100 |a  Mulholland, Kenneth L 
245 0 |a  Identification of cleaner production improvement opportunities 
245 0 |c  Mulholland, Kenneth L 
260 |b  Wiley-Interscience 
260 |c  2006 
650 |a  Quản lí sản xuất;  
927 |a Sách 
980 |a Trung tâm Thư viện - Trường Đại học Công nghiệp TP. Hồ Chí Minh